000 01250cam a2200325 i 4500
999 _c528953
_d528953
001 1337936
003 NUST
005 20190917063956.0
008 791228s1979 dcua b 000 0 eng
010 _a 79029664
020 _a0309029775
038 _aMSOHAIL
040 _aDLC
_cDLC
_dDLC
043 _ad------
050 0 0 _aTE175
_b.N32 1979
082 0 0 _a625.725091724
_bTRB
110 2 _aNational Research Council (U.S.).
_bTransportation Research Board.
_919676
245 1 0 _aStage construction /
_cTransportation Research Board, Commission on Sociotechnical Systems, National Research Council.
250 _aSynthesis - 2
260 _aWashington, D.C. :
_bNational Academy of Sciences,
_c1979.
300 _avi, 37 p. :
_bill. ;
_c28 cm.
440 0 _aTransportation technology support for developing countries : Synthesis ;
_v2
_920785
500 _aErrata slip inserted.
500 _a"Prepared under contract AID/OTR-C-1591, project 931-1116, U.S. Agency for International Development.
504 _aBibliography: p. 37.
650 0 _aRoads
_zDeveloping countries.
_920783
650 0 _aRoads
_zDeveloping countries
_xDesign and construction.
_920778
906 _a7
_bcbc
_corignew
_du
_eocip
_f19
_gy-gencatlg
942 _2ddc
_cBK